<?xml version="1.0" encoding="UTF-8"?>
<record
    xmlns:xsi="http://www.w3.org/2001/XMLSchema-instance"
    xsi:schemaLocation="http://www.loc.gov/MARC21/slim http://www.loc.gov/standards/marcxml/schema/MARC21slim.xsd"
    xmlns="http://www.loc.gov/MARC21/slim">

  <leader>02931cam a2200337 i 4500</leader>
  <controlfield tag="001">9819926</controlfield>
  <controlfield tag="003">CaAEU</controlfield>
  <controlfield tag="005">20260126110035.0</controlfield>
  <controlfield tag="008">210303t20212021mau    e b    000 0deng  </controlfield>
  <datafield tag="010" ind1=" " ind2=" ">
    <subfield code="a">  2021008214</subfield>
  </datafield>
  <datafield tag="020" ind1=" " ind2=" ">
    <subfield code="a">9780807074121</subfield>
  </datafield>
  <datafield tag="035" ind1=" " ind2=" ">
    <subfield code="a">on1240162988</subfield>
  </datafield>
  <datafield tag="040" ind1=" " ind2=" ">
    <subfield code="a">DLC</subfield>
    <subfield code="b">eng</subfield>
    <subfield code="e">rda</subfield>
    <subfield code="c">DLC</subfield>
    <subfield code="d">OCLCO</subfield>
    <subfield code="d">OCLCF</subfield>
    <subfield code="d">OTP</subfield>
    <subfield code="d">YDX</subfield>
    <subfield code="d">BDX</subfield>
    <subfield code="d">OI6</subfield>
    <subfield code="d">YDX</subfield>
    <subfield code="d">ILC</subfield>
    <subfield code="d">VP@</subfield>
    <subfield code="d">OCLCA</subfield>
    <subfield code="d">KUA</subfield>
    <subfield code="d">YUS</subfield>
    <subfield code="d">OCLCA</subfield>
    <subfield code="d">GYG</subfield>
    <subfield code="d">BBW</subfield>
    <subfield code="d">TXSCH</subfield>
    <subfield code="d">BBW</subfield>
  </datafield>
  <datafield tag="041" ind1=" " ind2=" ">
    <subfield code="a">en</subfield>
  </datafield>
  <datafield tag="042" ind1=" " ind2=" ">
    <subfield code="a">pcc</subfield>
  </datafield>
  <datafield tag="050" ind1="0" ind2="0">
    <subfield code="a">HT1521</subfield>
    <subfield code="b">.D485 2021</subfield>
  </datafield>
  <datafield tag="100" ind1=" " ind2=" ">
    <subfield code="a">DiAngelo, Robin,</subfield>
    <subfield code="d">1956-</subfield>
    <subfield code="e">author.</subfield>
  </datafield>
  <datafield tag="245" ind1="1" ind2="0">
    <subfield code="a">Nice racism </subfield>
    <subfield code="b">: how progressive White people perpetuate racial harm </subfield>
    <subfield code="c">/ Robin DiAngelo.</subfield>
  </datafield>
  <datafield tag="264" ind1=" " ind2="1">
    <subfield code="a">Boston, Massachusetts :</subfield>
    <subfield code="b">Beacon Press,</subfield>
    <subfield code="c">[2021]</subfield>
  </datafield>
  <datafield tag="264" ind1=" " ind2="4">
    <subfield code="c">&#xA9;2021</subfield>
  </datafield>
  <datafield tag="300" ind1=" " ind2=" ">
    <subfield code="a">xxi, 201 pages ;</subfield>
    <subfield code="c">24 cm</subfield>
  </datafield>
  <datafield tag="386" ind1=" " ind2=" ">
    <subfield code="a">University and college faculty members</subfield>
    <subfield code="2">lcdgt</subfield>
  </datafield>
  <datafield tag="386" ind1=" " ind2=" ">
    <subfield code="a">Washingtonians (Washington State)</subfield>
    <subfield code="2">lcdgt</subfield>
  </datafield>
  <datafield tag="504" ind1=" " ind2=" ">
    <subfield code="a">Includes bibliographical references.</subfield>
  </datafield>
  <datafield tag="505" ind1=" " ind2=" ">
    <subfield code="a">What Is a Nice Racist? &#x2014;
Why It&#x2019;s OK to Generalize About White People &#x2014;
There Is No Choir &#x2014;
What&#x2019;s Wrong with Niceness? &#x2014;
The Moves of White Progressives &#x2014;
Spiritual, Not Religious &#x2014;
Let&#x2019;s Talk About Shame &#x2014;
What About My Trauma? &#x2014;
We Aren&#x2019;t Actually That Nice &#x2014;
How White People Who Experience Other Oppressions Can Still Be Racist, or &#x201C;But I&#x2019;m a Minority Myself!&#x201D; &#x2014;
How Do You Make a White Progressive a Better Racist? &#x2014;
Niceness Is Not Courageous: How to Align Your Professed Values with Your Actual Practice.</subfield>
  </datafield>
  <datafield tag="520" ind1=" " ind2=" ">
    <subfield code="a">Nice Racism continues Robin DiAngelo&#x2019;s argument from White Fragility, focusing on how a culture of &#x201C;niceness&#x201D; among well-intentioned white people can still sustain racism. DiAngelo argues that racism is systemic rather than a matter of individual good or bad behaviour, and that white progressives often cause everyday harm precisely because they see themselves as enlightened.

Drawing on her experience as a sociologist and anti-racism educator, she identifies common patterns such as rushing to deny being racist, minimising white advantage, romanticising people of colour, treating segregation as accidental, expecting others to educate us, being overly careful, and becoming paralysed by shame. She also critiques practices like the appropriation of Indigenous spiritual traditions, which she says create distance rather than solidarity.

Writing candidly and self-critically, DiAngelo challenges individualism and explains why it is reasonable to talk in general terms about whiteness, even while acknowledging other forms of oppression. The book encourages white readers to move beyond good intentions towards accountability, courage, and sustained commitment. While aimed mainly at white readers, it may also help BIPOC readers understand and navigate white progressive behaviour.</subfield>
  </datafield>
  <datafield tag="650" ind1=" " ind2="0">
    <subfield code="a">Race relations</subfield>
    <subfield code="9">13992</subfield>
  </datafield>
  <datafield tag="650" ind1=" " ind2="0">
    <subfield code="a">Racism</subfield>
    <subfield code="9">11980</subfield>
  </datafield>
  <datafield tag="650" ind1=" " ind2="0">
    <subfield code="a">White people</subfield>
    <subfield code="9">26665</subfield>
  </datafield>
  <datafield tag="942" ind1=" " ind2=" ">
    <subfield code="2">lcc</subfield>
  </datafield>
  <datafield tag="952" ind1=" " ind2=" ">
    <subfield code="0">0</subfield>
    <subfield code="1">0</subfield>
    <subfield code="2">lcc</subfield>
    <subfield code="4">0</subfield>
    <subfield code="7">0</subfield>
    <subfield code="a">TBS</subfield>
    <subfield code="b">TBS</subfield>
    <subfield code="d">2026-01-26</subfield>
    <subfield code="l">0</subfield>
    <subfield code="o">HT1521 DIA</subfield>
    <subfield code="r">2026-01-26</subfield>
    <subfield code="t">1</subfield>
    <subfield code="w">2026-01-26</subfield>
    <subfield code="y">1</subfield>
    <subfield code="z">SOON AVAILABLE</subfield>
  </datafield>
  <datafield tag="999" ind1=" " ind2=" ">
    <subfield code="c">5302</subfield>
    <subfield code="d">5302</subfield>
  </datafield>
</record>
